000 00955nam a2200289 i 4500
001 000027252
003 DO-SdBNP
005 20231205103352.0
007 ta
008 100804s2010 dr 000 p spa d
020 _a9789945469042
040 _aDO-SdBNP
_bspa
_cBNPHU
_erda
082 _aM861.44
_bH557p
_222
100 1 _aHernández Valle-Arizpe, Claudia de,
_d1963-
_954305
245 1 0 _aPerros muy azules /
_cClaudia Hernández de Valle-Arizpe
264 1 _aSanto Domingo :
_bMinisterio de Cultura,
_c2010.
300 _a93 páginas
_c23 cm.
336 _2rdacontent
_atexto
_btxt
337 _2rdamedia
_asin mediación
_bn
338 _2rdacarrier
_avolumen
_bnc
500 _aIncluye datos biografícos de la autora en la solapa de la portada.
590 _aInventariado, 2023/ YL
650 4 _aPoesía mexicana
_99120
650 4 _aLiteratura mexicana
_91922
910 _aYLockward/ Validado. Control de calidad MFF
942 _2ddc
_cLBS1
999 _c26744
_d26744